[Event "RUS-ch U21 2019"]
[Site "Loo"]
[Date "2019.04.23"]
[Round "4.1"]
[White "Murzin, Volodar"]
[Black "Yeletsky, Ivan"]
[Result "1-0"]
[WhiteElo "2407"]
[BlackElo "2409"]
[Annotator "TA"]
[PlyCount "80"]
[EventDate "2019.04.20"]
[EventType "tourn"]
[EventCountry "RUS"]
[SourceTitle "playchess.com"]
[Source "ChessBase"]
[SourceQuality "1"]

{[%evp 13,80,36,22,0,0,0,0,0,0,0,0,0,0,0,0,0,0,0,26,-22,-14,-100,-95,-107,-85,-85,-70,-87,-80,-100,-39,-94,-145,-95,-72,-96,-81,-121,-29,-74,-60,-65,-62,-70,-42,-104,-36,-46,-78,-66,-61,-50,-93,-66,-45,-37,0,0,0,0,0,0,0,0,0,0,0,0,0]} 1. e4 c5 2. Nf3 d6 3. d4 cxd4 4. Nxd4 Nf6 5. Nc3 a6 6. Be3 e5 7. Nb3 Be6 8. h3 {B90: Sicilian Najdorf: Unusual White 6th moves, 6 Be3 Ng4 and 6 Be3 e5} Be7 9. g4 d5 10. exd5 Nxd5 11. Bg2 Nxe3 12. Qxd8+ Bxd8 13. fxe3 Bh4+ 14. Kf1 Nc6 $36 {[%cal Bb8c6,Bc6b4,Bb4c2][%mdl 2080] [#] White is under pressure.} 15. Rd1 $146 ({Predecessor:} 15. Nc5 Bc4+ {1-0 (48) Navara,D (2724)-Wojtaszek,R (2733) Biel 2015}) 15... O-O 16. Bd5 (16. Bxc6 $5 bxc6 17. Nc5 $11) 16... Nb4 17. e4 (17. Bxb7 $11 Nxc2 18. Ke2) 17... Nxc2 $17 {White must now prevent ...Ne3+.} 18. Ke2 Rad8 19. Rd2 Nb4 20. Nc5 Bxd5 21. Nxd5 Nxd5 ({Stronger than} 21... Nxa2 22. Ra1 $16) (21... Rc8 $17 22. Nxb4 Rxc5) 22. exd5 {[#]} ({White should play} 22. Rxd5 $15 Rxd5 23. exd5) 22... Rc8 $1 {[%cal Rc8c5]} 23. Ne4 Rfd8 24. b3 h6 25. d6 Kf8 (25... Bg5 $17 26. Rd5 f6) 26. Rf1 Bg5 27. Rd5 $1 Bf4 28. Kd3 Rc6 29. h4 (29. a4 $15) 29... h5 ({Better is} 29... b6 $17 {...Ke8 is the strong threat.} 30. Rd1 Ke8) 30. g5 $15 f5 31. gxf6 gxf6 32. Rxf4 exf4 33. Rxh5 $17 {[%mdl 4096] [#] Endgame Threatens to win with Rh8+. KRR-KRN} Kf7 34. Rf5 Rf8 {aiming for ...Ke6.} (34... Ke6 $5 {[%cal Re6f5]} 35. Rxf6+ Ke5 $17) 35. Rxf6+ {The position is equal.} Kg7 36. Re6 f3 {And now ...f2 would win.} 37. h5 $1 f2 38. Rg6+ Kh8 (38... Kh7 $5 39. Ng5+ $8 Kh8 40. Rh6+ Kg8 41. Rg6+ Kh8 42. Rh6+ Kg8 43. Rg6+ Kh8 $11) 39. Rh6+ $1 Kg7 40. Rg6+ Kh7 {[%mdl 32768] Accuracy: White = 65%, Black = 44%. . Sensor Board Error (Ke4/e5)?} (40... Kh8 $5 41. Rh6+ $8 Kg7 42. Rg6+ $11) 1-0

[Event "RUS-ch U21 2019"]
[Site "Loo"]
[Date "2019.04.23"]
[Round "4.2"]
[White "Triapishko, Alexandr"]
[Black "Khanin, Semen"]
[Result "1/2-1/2"]
[WhiteElo "2506"]
[BlackElo "2524"]
[Annotator "RC"]
[PlyCount "83"]
[EventDate "2019.04.20"]
[EventType "tourn"]
[EventCountry "RUS"]
[SourceTitle "playchess.com"]
[Source "ChessBase"]
[SourceQuality "1"]
[TimeControl "40/5400+30:1800+30"]

1. Nf3 {[%emt 0:00:41]} Nf6 {[%emt 0:00:00]} 2. g3 {[%emt 0:01:02]} g6 {[%emt 0:00:00]} 3. b3 {[%emt 0:04:35]} Bg7 {[%emt 0:00:00]} 4. Bb2 {[%emt 0:00:08]} d6 {[%emt 0:00:00]} 5. d4 {[%emt 0:00:35]} b5 {[%emt 0:00:00]} 6. Bg2 {[%emt 0:02:16]} Bb7 {[%emt 0:00:00]} 7. O-O {[%emt 0:01:54]} O-O {[%emt 0:00:03]} 8. Qd3 {[%emt 0:18:09]} a6 {[%emt 0:00:16]} 9. c4 {[%emt 0:09:30]} bxc4 {[%emt 0:00:22]} 10. bxc4 {[%emt 0:01:38]} Nbd7 {[%emt 0:00:52]} 11. Nbd2 {[%emt 0:07:29]} Rb8 {[%emt 0:03:45]} 12. Rab1 {[%emt 0:20:32]} Re8 {[%emt 0:23:49]} 13. Bc3 {[%emt 0:06:59]} Qc8 {[%emt 0:05:45]} 14. Bh3 {[%emt 0:07:26]} Qd8 15. e4 e5 {[%emt 0:05:48]} 16. d5 {[%emt 0:01:29]} Nc5 {[%emt 0:01:58]} 17. Qe3 {[%emt 0:02:23]} c6 {[%emt 0:13:29]} 18. Bb4 {[%emt 0:00:10]} cxd5 {[%emt 0:03:02]} 19. cxd5 {[%emt 0:00:52]} Bc8 {[%emt 0:05:13]} 20. Bxc8 {[%emt 0:01:07]} Rxc8 {[%emt 0:01:25]} 21. Rfc1 {[%emt 0:01:02]} Nfd7 {[%emt 0:01:30]} 22. Nc4 {[%emt 0:01:26]} Qe7 {[%emt 0:00:07]} 23. Nfd2 {[%emt 0:01:55]} Qf8 {[%emt 0:01:37]} 24. Rc2 {[%emt 0:02:15]} Bh6 {[%emt 0:00:21]} 25. Qe2 {[%emt 0:00:31]} f5 {[%emt 0:02:15]} 26. f3 {[%emt 0:01:03]} Rb8 {[%emt 0:02:18]} 27. Rcb2 {[%emt 0:01:21]} Qf6 {[%emt 0:04:54]} 28. Bxc5 {[%emt 0:03:13]} Rxb2 {[%emt 0:00:06]} 29. Rxb2 {[%emt 0:00:02]} Nxc5 {[%emt 0:00:09]} 30. Rb6 {[%emt 0:00:14]} Bxd2 {[%emt 0:03:05]} 31. Rxd6 {[%emt 0:01:03]} Qf8 {[%emt 0:00:55]} 32. Qxd2 {[%emt 0:00:06]} fxe4 {[%emt 0:00:16]} 33. Qe3 {[%emt 0:02:47]} exf3 {[%emt 0:13:12]} 34. Qxc5 {[%emt 0:00:35]} Rc8 {[%emt 0:00:04]} 35. Qb6 {[%emt 0:00:15]} Rxc4 {[%emt 0:00:41]} 36. Rf6 {[%emt 0:00:44]} Qa3 {[%emt 0:05:10]} 37. Qe6+ {[%emt 0:00:26]} Kg7 {[%emt 0:00:06]} 38. Qf7+ {[%emt 0:00:27]} Kh6 {[%emt 0:00:29]} 39. Rxf3 {[%emt 0:00:15]} Qc5+ {[%emt 0:02:11]} 40. Kg2 {[%emt 0:00:00]} Rd4 {[%emt 0:00:00]} 41. Kh3 {[%emt 0:23:36]} Qxd5 {[%emt 0:04:00]} 42. Qf8+ {[%emt 0:00:44]} 1/2-1/2

[Event "RUS-ch U21 2019"]
[Site "Loo"]
[Date "2019.04.23"]
[Round "4.3"]
[White "Drygalov, Andrey"]
[Black "Galaktionov, Artem"]
[Result "1-0"]
[WhiteElo "2481"]
[BlackElo "2332"]
[Annotator "TA"]
[PlyCount "131"]
[EventDate "2019.04.20"]
[EventType "tourn"]
[EventCountry "RUS"]
[SourceTitle "playchess.com"]
[Source "ChessBase"]
[SourceQuality "1"]

{[%evp 20,131,33,30,50,48,58,53,51,50,72,54,62,73,123,110,125,106,117,83,109,109,116,98,163,163,163,163,163,163,170,164,149,139,138,136,136,145,167,147,139,135,245,237,273,247,250,185,187,193,188,187,181,195,188,183,213,207,192,188,256,258,244,237,258,254,261,244,295,285,370,351,398,393,385,381,453,402,434,428,385,340,637,533,783,800,544,779,623,544,974,924,1127,1078,994,928,1322,1120,1610,544,6011,4838,5903,5820,5714,4667,4141,4141,4141,4141,4141,4141,4926,4610]} 1. d4 d5 2. c4 e6 3. Nf3 Nf6 4. Nc3 Be7 5. g3 O-O 6. Bg2 c6 7. O-O b6 8. Qd3 Nbd7 9. b3 Ba6 10. Rd1 Rc8 11. e4 c5 {E07: Closed Catalan: Main Line (5 Nf3 0-0 6 0-0 Nbd7)} 12. exd5 exd5 13. Nb5 Bxb5 {White is slightly better.} 14. cxb5 {[#]} Bd6 $146 ({Predecessor:} 14... Ne4 15. Ne5 cxd4 16. Nc6 Ndc5 17. Nxe7+ Qxe7 18. Qxd4 Ne6 19. Qe3 {½-½ (64) Shchekachev,A (2572)-Fressinet,L (2677) Le Port Marly 2019}) 15. Be3 Qc7 16. Rac1 c4 17. bxc4 dxc4 18. Qb1 c3 19. Qb3 Qc4 20. Ne1 Nb8 21. Rd3 {[%cal Rd3c3]} Bb4 (21... Ng4 $16) 22. Bf4 $18 Rfe8 {Black wants to play ...Qxb3.} 23. Qxc4 Rxc4 24. Nc2 {Re3 is the strong threat.} Ba5 25. Re3 {Black must now prevent Rxe8+.} Rd8 26. Bxb8 Rxb8 27. Re7 Re8 28. Rxa7 h6 29. Ra8 Kf8 30. Rxe8+ Kxe8 (30... Nxe8 $16 31. Bd5 Rc8) 31. Bc6+ Kd8 32. a3 Ng8 33. Bd5 Rc7 34. Kf1 Rd7 35. Bc6 Rd6 36. Ke2 Ne7 37. Bg2 g5 38. Kd3 Rf6 39. Rf1 Rf5 (39... h5 {was necessary.} 40. Ne3 Nf5) 40. a4 Rf6 41. Ne3 h5 42. Be4 Bb4 43. f3 Rh6 44. f4 f6 45. f5 Rh8 46. Nc4 Nc8 47. Rb1 Bd6 48. a5 bxa5 49. b6 Bb8 50. Nxa5 {aiming for Nc6+.} Ne7 $2 (50... Nd6 51. Bd5 Nxf5) 51. Kxc3 {White is clearly winning.} h4 52. Nb7+ Ke8 53. Ra1 Kf7 54. Ra8 Rc8+ 55. Nc5 hxg3 56. hxg3 Bxg3 57. b7 Rg8 58. Nd7 g4 59. Kd3 (59. Rxg8 $142 Nxg8 {[#]} 60. Ne5+ $1 {[%mdl 576] Promotion} fxe5 61. d5) 59... Bd6 60. Ra6 Bc7 61. Rxf6+ Ke8 62. b8=Q+ Bxb8 63. Nxb8 g3 64. Nc6 g2 {[#]} 65. Bxg2 $1 Nxf5 (65... Rxg2 66. Re6) 66. Rxf5 {Accuracy: White = 89%, Black = 35%.} 1-0

[Event "RUS-ch U21 2019"]
[Site "Loo"]
[Date "2019.04.23"]
[Round "4.4"]
[White "Pogosyan, Stefan"]
[Black "Drygalov, Sergey"]
[Result "0-1"]
[WhiteElo "2344"]
[BlackElo "2485"]
[Annotator "ChessBase"]
[PlyCount "104"]
[EventDate "2019.04.20"]
[EventType "tourn"]
[EventCountry "RUS"]
[SourceTitle "playchess.com"]
[Source "ChessBase"]
[SourceQuality "1"]
[TimeControl "40/5400+30:1800+30"]

1. d4 {[%emt 0:00:00]} Nf6 {[%emt 0:00:00]} 2. c4 {[%emt 0:00:00]} e6 {[%emt 0:00:00]} 3. Nc3 {[%emt 0:00:00]} Bb4 {[%emt 0:00:00]} 4. e3 {[%emt 0:00:00]} O-O {[%emt 0:01:29]} 5. Nge2 {[%emt 0:00:08]} d5 {[%emt 0:00:37]} 6. a3 {[%emt 0:00:14]} Be7 {[%emt 0:00:07]} 7. cxd5 {[%emt 0:00:20]} exd5 {[%emt 0:00:05]} 8. Nf4 {[%emt 0:00:05]} c6 {[%emt 0:00:56]} 9. Bd3 {[%emt 0:00:08]} a5 {[%emt 0:00:10]} 10. O-O {[%emt 0:00:36]} Na6 {[%emt 0:07:23]} 11. f3 {[%emt 0:01:27]} Nc7 {[%emt 0:08:50]} 12. Bc2 {[%emt 0:05:28]} c5 {[%emt 0:05:19]} 13. Bb3 {[%emt 0:06:45]} cxd4 {[%emt 0:06:27]} 14. exd4 {[%emt 0:11:53]} b6 {[%emt 0:08:37]} 15. Re1 {[%emt 0:02:46]} Bb7 {[%emt 0:00:40]} 16. Be3 {[%emt 0:03:58]} Bd6 {[%emt 0:01:18]} 17. Qd2 {[%emt 0:02:30]} b5 {[%emt 0:15:57]} 18. Nd3 {[%emt 0:01:59]} Nd7 {[%emt 0:02:34]} 19. Nc5 {[%emt 0:07:03]} Bc6 {[%emt 0:00:57]} 20. Bg5 {[%emt 0:13:40]} Qc8 {[%emt 0:00:41]} 21. Qf2 {[%emt 0:06:09]} h6 {[%emt 0:13:59]} 22. Bh4 {[%emt 0:06:08]} Rb8 {[%emt 0:04:58]} 23. Rac1 {[%emt 0:04:01]} b4 {[%emt 0:01:39]} 24. axb4 {[%emt 0:01:58]} Rxb4 {[%emt 0:00:36]} 25. Ba2 {[%emt 0:01:04]} Nxc5 {[%emt 0:02:59]} 26. dxc5 {[%emt 0:00:16]} Bf4 {[%emt 0:00:08]} 27. Rcd1 {[%emt 0:01:08]} Qb8 {[%emt 0:00:17]} 28. Re2 {[%emt 0:00:56]} Re8 {[%emt 0:01:49]} 29. Be7 {[%emt 0:03:44]} Ne6 {[%emt 0:04:50]} 30. Bd6 {[%emt 0:03:30]} Bxd6 {[%emt 0:00:07]} 31. cxd6 {[%emt 0:00:12]} d4 {[%emt 0:01:32]} 32. Bxe6 {[%emt 0:01:13]} dxc3 {[%emt 0:00:07]} 33. bxc3 {[%emt 0:00:13]} Rb1 {[%emt 0:00:08]} 34. Rxb1 {[%emt 0:03:18]} Qxb1+ {[%emt 0:00:02]} 35. Re1 {[%emt 0:00:10]} Qd3 {[%emt 0:00:13]} 36. Bb3 {[%emt 0:03:12]} Rxe1+ 37. Qxe1 Qxd6 {[%emt 0:00:46]} 38. Qd1 {[%emt 0:01:31]} Qc5+ {[%emt 0:02:58]} 39. Qd4 {[%emt 0:02:13]} Qxd4+ {[%emt 0:00:58]} 40. cxd4 {[%emt 0:00:00]} a4 {[%emt 0:00:00]} 41. Ba2 {[%emt 0:01:18]} Kf8 {[%emt 0:01:13]} 42. Kf2 {[%emt 0:00:10]} Ke7 {[%emt 0:00:42]} 43. d5 {[%emt 0:05:27]} Bb5 {[%emt 0:00:16]} 44. Ke3 {[%emt 0:00:06]} Kd6 {[%emt 0:00:03]} 45. Kd4 {[%emt 0:00:10]} Bf1 {[%emt 0:01:08]} 46. g3 {[%emt 0:00:44]} Be2 {[%emt 0:00:14]} 47. f4 {[%emt 0:00:59]} Bd1 {[%emt 0:00:26]} 48. Kc3 {[%emt 0:04:15]} Bb3 {[%emt 0:00:22]} 49. Bxb3 {[%emt 0:00:03]} axb3 {[%emt 0:00:04]} 50. Kxb3 {[%emt 0:00:03]} Kxd5 {[%emt 0:00:06]} 51. Kb4 {[%emt 0:00:04]} f5 {[%emt 0:00:59]} 52. Kb5 {[%emt 0:02:58]} Ke4 {[%emt 0:03:52]} 0-1

[Event "RUS-ch U21 2019"]
[Site "Loo"]
[Date "2019.04.23"]
[Round "4.5"]
[White "Gaifullin, Artur"]
[Black "Ofitserian, Boris"]
[Result "1-0"]
[WhiteElo "2453"]
[BlackElo "2409"]
[Annotator "TA"]
[PlyCount "75"]
[EventDate "2019.04.20"]
[EventType "tourn"]
[EventCountry "RUS"]
[SourceTitle "playchess.com"]
[Source "ChessBase"]
[SourceQuality "1"]

{[%evp 11,75,10,39,26,57,47,56,53,67,18,49,52,50,-2,43,25,77,60,151,143,147,140,147,150,150,152,151,159,159,157,111,98,121,101,92,95,122,84,91,93,78,71,194,187,170,104,193,204,230,208,337,331,516,520,622,558,562,554,691,675,1052,1042,985,990,1362,1475]} 1. d4 Nf6 2. Nf3 g6 3. Nbd2 Bg7 4. e4 O-O 5. Bd3 d6 6. O-O Nc6 7. Re1 {B07: Pirc Defence: Miscellaneous Systems} (7. c3 e5 8. dxe5 Nxe5 9. Nxe5 dxe5 10. Nc4 Qe7 11. Qe2 Rd8 12. Rd1 Bg4 13. f3 Be6 14. Be3 Ne8 15. Na5 c6 16. b4 Nd6 17. Nc4 Nxc4 18. Bxc4 b6 {1-0 (40) Xiong,J (2651)-Vachier Lagrave,M (2780) chess.com INT 2018}) 7... e6 8. c3 b6 9. b4 $146 {[%cal Bb2b4,Bb4b5][%mdl 32] White is slightly better.} ({Predecessor:} 9. Nf1 Bb7 10. Ng3 Ne7 11. h3 c5 12. Bf4 cxd4 13. cxd4 Nc6 14. Be3 Nb4 15. Bb1 {½-½ (28) Alekseev,E (2614)-Dubov,D (2666) St Petersburg 2017}) 9... Bb7 10. b5 Ne7 11. a4 c5 12. a5 (12. Qe2 $14) 12... bxa5 13. Nb3 c4 (13... a6 $1 $11 {keeps the balance.}) 14. Nxa5 $16 cxd3 (14... Rb8 $14) 15. Nxb7 Qc7 {[#]} 16. Nxd6 $1 {[%mdl 576] Remove Defender, Decoy} Qxd6 17. e5 {[%mdl 64] Double Attack} Qc7 {aiming for ...Nfd5.} 18. exf6 Bxf6 19. Qxd3 Rfc8 20. Bd2 Nd5 21. Reb1 Rab8 22. h3 Rb7 23. Rb3 Kg7 24. Kf1 h6 25. Ra6 Nb6 26. Rb4 Nd5 (26... Qd7 $16) 27. Rc6 $18 Qd7 28. Rxc8 ({White should try} 28. Rbc4 $18 Re8 29. R4c5) 28... Qxc8 (28... Nxb4 $16 29. Qc4 Nd5) 29. Rc4 Qb8 30. Rc5 Be7 (30... Rd7 $142 31. h4 Qb6) 31. c4 Bxc5 (31... Nb6 {is a better defense.} 32. Rc6 Kh7) 32. dxc5 {White is clearly winning.} Rd7 33. cxd5 Rxd5 34. Qc4 Qc7 35. Be3 f5 36. g3 g5 37. Qc3+ Kg6 38. Qh8 {Accuracy: White = 66%, Black = 33%.} 1-0

[Event "RUS-ch U21 2019"]
[Site "Loo"]
[Date "2019.04.24"]
[Round "5.1"]
[White "Ofitserian, Boris"]
[Black "Murzin, Volodar"]
[Result "1/2-1/2"]
[WhiteElo "2409"]
[BlackElo "2407"]
[Annotator "TA"]
[PlyCount "161"]
[EventDate "2019.04.20"]
[EventType "tourn"]
[EventCountry "RUS"]
[SourceTitle "playchess.com"]
[Source "ChessBase"]
[SourceQuality "1"]

{[%evp 16,161,2,3,29,10,22,15,45,32,42,31,20,9,25,19,27,6,16,12,16,6,17,0,38,35,43,47,55,33,59,-45,-31,-27,-23,-68,-74,-47,-60,-124,-122,-112,-111,-109,-106,-102,-45,-94,-90,-89,-87,-79,-74,-189,-176,-174,-141,-151,-93,-190,-78,-79,-79,-94,-55,-59,-22,-24,-29,-24,0,0,-6,-48,-48,-68,-64,-75,-64,-64,-64,-66,-43,-36,-25,-27,-20,-20,-20,-20,-20,-20,-19,-19,-19,-20,-20,-20,-25,-175,-165,-153,-133,-213,-178,-174,-64,-73,-56,-178,-185,-228,-146,-492,-491,-424,-241,-241,-206,-205,-8,-57,0,0,0,0,0,0,0,0,0,0,0,0,0,0,0,0,0,0,0,0,0,0,0,0,0,0]} 1. Nf3 Nf6 2. b3 g6 3. Bb2 Bg7 4. d4 O-O 5. g3 d6 6. Bg2 Nbd7 7. O-O Re8 8. h3 c6 9. c4 Qc7 {E60: King's Indian: Unusual lines and Fianchetto Variation without Nc3} 10. Nc3 e5 11. e4 exd4 12. Nxd4 Nc5 {[%cal Rf6e4]} 13. Re1 a5 14. Rc1 Qb6 $146 ({Predecessor:} 14... Bd7 15. Rc2 Rad8 16. Rd2 Bc8 17. Ba3 h5 18. Ndb5 cxb5 19. Nxb5 Qb6 20. Rxd6 Rxd6 21. Qxd6 {½-½ (57) Miezis,N (2555)-Wagner,F (2189) Schwaebisch Gmuend 2014}) 15. Nc2 Be6 16. Ba3 Rad8 17. Ne3 Bc8 {[%cal Rf6e4]} 18. Qc2 h5 19. Rcd1 Nh7 20. h4 Nf6 21. Na4 Nxa4 22. bxa4 Qc7 23. c5 (23. Qd3 $1 $14) 23... dxc5 24. Bxc5 Be6 25. Rb1 Nd7 $1 26. Ba3 Ne5 27. Red1 (27. Nd5 $15 Qb8 28. Nf4) 27... Rxd1+ $1 $17 28. Rxd1 Rd8 $1 29. Rb1 Rd7 30. Bc5 Ng4 ({Black should try} 30... Rd3 $1 $17 31. Bb6 Qd6) 31. a3 Qe5 32. Nf1 Qc3 33. Qxc3 Bxc3 34. Bb6 (34. Bh3 $17) 34... Ba2 $19 35. Rc1 Bd4 36. Bc5 Ne5 (36... Be6 $142 37. Bh3 Kg7) 37. Rc2 (37. Bh3 $17 Rd8 38. Bxd4 Rxd4 39. f4) 37... Bc4 (37... Bb3 $19 38. Bxd4 Rxd4) 38. Bxd4 $17 Rxd4 39. Ne3 Ba6 40. Rc5 $1 {[%cal Rc5e5]} Nc4 (40... f6 {seems wilder.} 41. Rxa5 Kf7 42. Bf1 Nf3+ 43. Kg2 Bxf1+ 44. Nxf1 Ne1+) 41. Nxc4 Rxc4 42. Rxa5 $11 {[%mdl 4096] Endgame KRB-KRB} Kf8 43. f4 Rc3 44. Rg5 Rxa3 45. a5 Be2 46. Kf2 Ra2 47. Ke3 Bg4 48. Bf1 Ra3+ 49. Bd3 Ke7 50. Kd4 Ra1 51. Bc4 Ra4 {And now ...Be6 would win.} 52. Kc3 Ra3+ 53. Kd4 Rxg3 54. f5 gxf5 {White must now prevent ...f4.} 55. Rg7 fxe4 {Threatens to win with ...Rf3.} 56. Rxf7+ Kd6 57. Kxe4 (57. Rf6+ $11 {and White is okay.} Kc7 58. Rf7+ Kb8 59. Rf8+ Ka7 60. Rf7) 57... Kc5 $19 58. Bf1 {[#]} Be6 $1 {[%cal Re6f7]} 59. Rf2 (59. Rf4 $17) 59... Bd5+ 60. Ke5 Re3+ (60... Rg8 $19 61. Rf5 Rh8) 61. Kf4 $1 $15 {[%cal Rf4e3]} Ra3 (61... Re8 {is interesting.} 62. Kg5 Kd4 63. Kxh5 Re5+ 64. Kg4 Be6+) 62. Kg5 (62. Be2 $1 $15) 62... Rxa5 $19 63. Kxh5 Kd4 64. Kg6 $2 {[%mdl 8192]} (64. Kg4 $17 {was the crucial defense.}) 64... Be4+ 65. Kg7 Rf5 (65... Rh5 $142 66. Rh2 c5) 66. Rxf5 Bxf5 {KB-KB} 67. Bg2 {[#]} Bg4 $2 ({Better is} 67... Kc5 $1 $19 68. h5 b5) 68. Kf6 Kc5 (68... c5 $15 69. Bxb7 c4) 69. Kg5 $11 {The position is equal.} Be2 70. h5 {aiming for h6.} Bxh5 (70... Kd6 {looks sharper.} 71. h6 Bd3 72. Kf6 b5 73. Bh3 b4) 71. Kxh5 {KB-KPP} b5 72. Kg4 b4 73. Kf4 b3 74. Ke3 b2 75. Be4 Kc4 76. Kd2 Kb3 77. Bc2+ Ka2 78. Kc3 $1 c5 79. Kc4 b1=Q 80. Bxb1+ Kxb1 81. Kxc5 {Accuracy: White = 53%, Black = 52%.} 1/2-1/2

[Event "RUS-ch U21 2019"]
[Site "Loo"]
[Date "2019.04.24"]
[Round "5.2"]
[White "Drygalov, Sergey"]
[Black "Gaifullin, Artur"]
[Result "1/2-1/2"]
[WhiteElo "2485"]
[BlackElo "2453"]
[Annotator "TA"]
[PlyCount "39"]
[EventDate "2019.04.20"]
[EventType "tourn"]
[EventCountry "RUS"]
[SourceTitle "playchess.com"]
[Source "ChessBase"]
[SourceQuality "1"]

{[%evp 26,39,38,0,0,0,0,0,0,0,0,0,0,-3,0,0]} 1. c4 e6 2. Nc3 d5 3. d4 Nf6 4. Nf3 c5 5. cxd5 Nxd5 6. e4 Nxc3 7. bxc3 cxd4 8. cxd4 Bb4+ 9. Bd2 Bxd2+ 10. Qxd2 O-O 11. Bc4 Nd7 12. O-O b6 13. Rfe1 Bb7 14. Rad1 Rc8 {The position is equal. D41: Queen's Gambit Declined: Semi-Tarrasch with 5 cxd5} 15. Bb3 Re8 16. Qf4 {[#]} (16. h3 Nf6 17. Qf4 Nh5 18. Qh2 h6 19. h4 a5 20. g4 Nf6 21. Qf4 b5 22. Ne5 {½-½ (50) Adhiban,B (2683)-Ding,L (2812) Astana 2019}) 16... Qc7 $146 ({Predecessor:} 16... Qf6 17. Qg3 Qg6 18. Qf4 Qf6 19. Qg3 Qg6 20. Qf4 Qf6 {½-½ (20) Nikolov,M (2555)-Rausis,I (2651) Sautron 2018}) 17. Qh4 Qd8 18. Qf4 Qc7 19. Qh4 Qd8 20. Qf4 1/2-1/2

[Event "RUS-ch U21 2019"]
[Site "Loo"]
[Date "2019.04.24"]
[Round "5.3"]
[White "Galaktionov, Artem"]
[Black "Pogosyan, Stefan"]
[Result "1/2-1/2"]
[WhiteElo "2332"]
[BlackElo "2344"]
[Annotator "TA"]
[PlyCount "200"]
[EventDate "2019.04.20"]
[EventType "tourn"]
[EventCountry "RUS"]
[SourceTitle "playchess.com"]
[Source "ChessBase"]
[SourceQuality "1"]

{[%evp 15,200,41,33,11,101,6,21,4,20,6,12,18,45,0,31,-13,0,-14,-18,-1,8,0,11,5,9,11,25,19,24,27,24,0,14,13,14,15,20,0,37,6,7,0,7,0,16,12,14,14,15,11,12,17,212,141,212,196,203,72,175,150,146,98,102,74,140,63,79,90,104,7,8,0,0,0,22,12,29,33,30,30,29,30,58,58,58,66,69,12,31,8,12,8,8,5,8,8,12,12,12,12,16,8,8,8,8,8,8,8,24,24,24,8,8,8,12,12,24,24,24,24,24,16,16,12,16,16,16,12,16,8,10,0,24,0,16,12,12,12,24,12,12,12,12,12,24,24,52,52,52,20,19,12,12,12,62,52,82,85,218,218,218,218,218,129,95,24,218,129,129,129,129,129,129,28,28,8,8,8,8,8,8,8,8,8,8,8,8]} 1. d4 f5 2. Nf3 Nf6 3. c4 g6 4. g3 Bg7 5. Bg2 O-O 6. O-O d6 7. Nc3 c6 8. Rb1 Qe8 9. b3 {A88: Dutch Defence: Leningrad System: 5 Nf3 0-0 6 0-0 d6 7 Nc3 c6} (9. d5 Na6 10. b4 Nc7 11. Bb2 h6 12. dxc6 bxc6 13. c5 d5 14. Ne5 Ne4 15. Nxe4 fxe4 16. f3 Rf5 17. f4 a5 {0-1 (51) Bu,X (2705)-Nepomniachtchi,I (2767) Doha 2016}) 9... e5 (9... Na6 $11 {keeps the balance.}) 10. Ba3 $146 (10. dxe5 $16 dxe5 11. Ba3) ({Predecessor:} 10. dxe5 dxe5 11. Ba3 Rf7 12. e4 f4 13. gxf4 Nh5 14. Ne2 Nxf4 15. Nxf4 Rxf4 16. h3 Nd7 {0-1 (43) Ererdem,G (2157)-Dastan,B (2552) Ankara 2018}) 10... e4 $1 $11 {[%cal Re4f3]} 11. Ne1 (11. Bxd6 exf3 12. exf3 Rf7 $15) 11... Qd8 12. Nc2 Na6 {[%cal Bb8a6,Ba6b4,Bb4c2][%mdl 32]} 13. f3 Re8 14. d5 c5 15. Bc1 Nb4 16. a3 Nxc2 17. Qxc2 {[%cal Rf3e4]} exf3 18. exf3 Bd7 19. Bd2 a6 20. Rfe1 Rxe1+ 21. Rxe1 b5 22. Bf1 {[%cal Rc4b5]} b4 23. Ne2 bxa3 24. Qa2 a5 25. Qxa3 a4 26. Nf4 Qb6 27. bxa4 Rxa4 28. Qd3 $36 {[%mdl 2048] Black is under pressure.} Ra2 29. Ne6 Qb2 30. Re2 Bxe6 31. dxe6 Qd4+ 32. Qxd4 cxd4 33. Bb4 Ra4 $2 (33... Rxe2 $11 34. Bxe2 Bf8) 34. Rb2 Ne8 {[#]} (34... Bf8 $16 {was necessary.}) 35. Bxd6 $1 $18 {[%mdl 512]} Ra8 (35... Nxd6 36. Rb8+ Bf8 37. e7 Kf7 38. exf8=Q+ Ke6 39. Rb6 $1 {[%mdl 512]} Ra6 40. Qxd6+ Kf7 41. Qc7+ Kg8 42. Rb8#) 36. Bf4 (36. c5 $18 {has better winning chances.}) 36... Bf8 (36... d3 $16 37. Rb7 Bd4+ 38. Kg2 Ng7) 37. Rb5 Rc8 38. Be5 Bc5 39. Bd3 Ng7 (39... Kf8 $142) 40. e7 ({White should play} 40. Kf1 $1 $16) 40... Ne6 41. g4 fxg4 {[#]} 42. fxg4 ({White should try} 42. Be4 $1 $16 Kf7 43. Bd5 (43. fxg4 d3+ 44. Kf1 Bd4 $16) 43... d3+ 44. Kf1) 42... Bxe7 $11 43. Kf2 Nc5 44. Be2 Ne4+ 45. Kf3 Nc3 {aiming for ...Rf8+.} 46. Rb8 Rxb8 47. Bxb8 $14 {[%mdl 4096] Endgame KBB-KBN} Kf7 48. Ba7 Bd6 49. Bd3 Bxh2 50. Bxd4 Na2 $1 51. g5 (51. c5 $14 Ke7 52. Bb5) 51... Nb4 52. Be4 (52. Bf1 {seems wilder.} Ke6 53. Ke4 Kd6 54. c5+ Kc6 55. Bc4) 52... Ke6 53. Bc3 Bd6 54. Kg4 Bc5 55. Bb7 Bd6 56. Bc8+ Ke7 57. Kf3 Kd8 58. Bb7 Kc7 59. Ba8 Be7 60. Ke4 Nc6 61. Bd2 Nd8 62. Bd5 Kd7 63. Ke5 Nc6+ 64. Kf4 Nd8 65. Bg8 Ke8 66. Ke5 Nc6+ 67. Kd5 Nb4+ 68. Ke4 Nc6 69. Be3 Nb4 70. Bf4 Nc6 71. Bd2 Nb4 72. Kd4 Nc6+ 73. Kd5 Nb4+ 74. Ke4 Nc6 75. Bd5 Kd7 76. Be3 Nd8 77. Ke5 Nc6+ 78. Kf4 Nd8 79. Bg8 Ke8 80. Ke4 Kf8 81. Bd5 {Strongly threatening c5.} Ke8 82. Ke5 Kd7 83. Bg8 Nc6+ 84. Ke4 Nd8 85. Kd5 Ba3 86. c5 ({Of course not} 86. Bxh7 Nc6 $11) 86... Nc6 {[#]} (86... Bb2 $16 87. Bf4 (87. Bxh7 Nc6 $11) 87... Ba3) 87. Be6+ $1 $18 ({Not} 87. Bxh7 Ne7+ 88. Kc4 Kc6 $11) 87... Kc7 88. Bf4+ Kb7 89. Kd6 (89. Bd7 $18 Ne7+ 90. Kc4) 89... Nd4 $16 90. Bd7 (90. Bd5+ $16 Ka7 91. Bf7) 90... Nf5+ $2 (90... Nb3 $1 $11 {and Black has nothing to worry.}) 91. Bxf5 (91. Kd5 $18 {Threatens to win with c6+.} Ne7+ 92. Kc4) 91... gxf5 $18 {KB-KB} 92. Be3 {And now Kd7 would win.} Kc8 93. Ke5 Kd7 94. Kxf5 (94. Kd5 $16) 94... Bb2 $1 $11 95. Ke4 Kc6 {The position is equal.} 96. Bd4 Bc1 97. Kf5 Kd5 98. Bf2 Bd2 99. Kg4 Bc1 100. Kh5 Bd2 {Accuracy: White = 48%, Black = 49%.} 1/2-1/2